<?xml version="1.0" encoding="UTF-8"?><?xml-stylesheet type="text/xsl" href="static/style.xsl"?><OAI-PMH xmlns="http://www.openarchives.org/OAI/2.0/" xmlns:xsi="http://www.w3.org/2001/XMLSchema-instance" xsi:schemaLocation="http://www.openarchives.org/OAI/2.0/ http://www.openarchives.org/OAI/2.0/OAI-PMH.xsd"><responseDate>2026-04-14T15:10:49Z</responseDate><request verb="GetRecord" identifier="oai:uvadoc.uva.es:10324/77331" metadataPrefix="marc">https://uvadoc.uva.es/oai/request</request><GetRecord><record><header><identifier>oai:uvadoc.uva.es:10324/77331</identifier><datestamp>2025-09-07T09:58:56Z</datestamp><setSpec>com_10324_38</setSpec><setSpec>col_10324_852</setSpec></header><metadata><record xmlns="http://www.loc.gov/MARC21/slim" xmlns:doc="http://www.lyncode.com/xoai" xmlns:xsi="http://www.w3.org/2001/XMLSchema-instance" xmlns:dcterms="http://purl.org/dc/terms/" xsi:schemaLocation="http://www.loc.gov/MARC21/slim http://www.loc.gov/standards/marcxml/schema/MARC21slim.xsd">
<leader>00925njm 22002777a 4500</leader>
<datafield tag="042" ind1=" " ind2=" ">
<subfield code="a">dc</subfield>
</datafield>
<datafield tag="720" ind1=" " ind2=" ">
<subfield code="a">García Dujo, Eva</subfield>
<subfield code="e">author</subfield>
</datafield>
<datafield tag="260" ind1=" " ind2=" ">
<subfield code="c">2025</subfield>
</datafield>
<datafield tag="520" ind1=" " ind2=" ">
<subfield code="a">Este Trabajo de Fin de Grado tiene como objetivo analizar el programa “Juego de Llaves” de &#xd;
Proyecto Hombre como forma de prevenir las adicciones y otras conductas de riesgo en &#xd;
Educación Primaria. Se lleva a cabo a través del análisis y el estudio del programa, originalmente &#xd;
elaborado para Secundaria, y la elaboración de un Unidad Didáctica simulada, adaptada al &#xd;
contexto de Primaria.&#xd;
En el trabajo se aborda la prevención, los factores de riesgo y de protección, el uso inadecuado de &#xd;
las TIC, la violencia, las relaciones sociales y el desarrollo emocional. Se propone una unidad &#xd;
didáctica, basada en metodologías activas y en la obra de “Alicia en el país de las Maravillas”, &#xd;
buscando fomentar la competencia personal, social y el autocuidado desde edades tempranas. Este &#xd;
proyecto no se ha implementado, pero se ha reflexionado sobre su viabilidad en el entorno escolar.</subfield>
</datafield>
<datafield tag="024" ind2=" " ind1="8">
<subfield code="a">https://uvadoc.uva.es/handle/10324/77331</subfield>
</datafield>
<datafield tag="245" ind1="0" ind2="0">
<subfield code="a">Análisis del programa para la prevención de adicciones en las aulas “Juego de Llaves” para Educación Primaria</subfield>
</datafield>
</record></metadata></record></GetRecord></OAI-PMH>